| 000 | 00765nam a2200229 a 4500 | ||
|---|---|---|---|
| 005 | 20251026063920.0 | ||
| 008 | 030203s1987 mx r 000 0 spa d | ||
| 035 | _aUPN01000121733 | ||
| 049 | _aCG | ||
| 050 | 4 |
_aHB501 _bV5.2 |
|
| 100 | 1 | _aVillaseñor, José | |
| 245 | 1 | 0 |
_aCapital, trabajo y sindicalismo / _cJosé Villaseñor, Alfonso López, Jerónimo Hernández. |
| 260 |
_aMéxico : _bUNAM, Facultad de Ciencias Políticas y Sociales, _c1987. |
||
| 300 | _a168 p. | ||
| 440 | 0 |
_aCuadernos de estudios latinoamericanos ; _v1 |
|
| 650 | 4 |
_aCapital _96307 |
|
| 650 | 2 |
_aSindicalismo _925473 |
|
| 650 | 4 |
_aTrabajo y trabajadores _zMéxico _xHistoria _910850 |
|
| 700 | 1 |
_aLópez Alfonso, _ecoaut. |
|
| 700 | 1 |
_aHernández, Jerónimo, _ecoaut. |
|
| 905 | _aLibro | ||
| 999 |
_c93946 _d93946 |
||